Poèmes Les Cahiers de Douai - Mort subite - Statistiques

Statistiques générales
  • Ce quiz a été pris 124 fois
  • Le résultat moyen est 7 sur 12
Answers on the Grid
Answers color-coded by a green-red scale on the quiz's grid according to % correct below.
Le Dormeur du Val
Ma Bohème
Sensation
Au Cabaret-Vert
Les Effarés
Roman
Vénus Anadyomène
Première soirée
Le Buffet
Ophélie
Le Forgeron
Les Réparties de Nina
Dernière soirée
Au Cabaret-Rouge
Le Bateau ivre
Voyelles
Adieu
Demain, dès l'aube...
Melancholia
Clair de lune
Le Pont Mirabeau
Liberté
Les Corbeaux
Le Cœur volé
 
Statistiques - réponses
Réponse % Correct
Le Dormeur du Val
74%
Vénus Anadyomène
70%
Au Cabaret-Vert
67%
Ma Bohème
64%
Sensation
64%
Le Forgeron
56%
Le Buffet
54%
Roman
54%
Les Réparties de Nina
52%
Les Effarés
51%
Ophélie
49%
Première soirée
49%
Aucun quiz correspondant
Distribution des résultats
% des personnes avec chaque résultat
Percentile par nombre de réponses
Votre historique - résultats
Vous n’avez pas pris ce quiz